Pravidlo průšvihu /

Hlavní autor: Vernerová, Petra, 1957-
Jazyk: Čeština
Vydáno: Frýdek-Místek : Alpress, 2016
Vydání: Vydání první
Edice: Klokan (Alpress)
Témata:
Fyzický popis: 208 stran ; 21 cm
Knihy
Uloženo v:
LEADER 01154nam a2200373 i 4500
001 nkc20162791657
003 CZ PrNK
005 20160510164854.0
007 ta
008 160408s2016 xr g 000 f cze
015 |a cnb002791657 
020 |a 978-80-7466-940-8  |q (vázáno) 
035 |a (OCoLC)951554008 
040 |a OLA001  |b cze  |d ABA001  |e rda 
072 7 |a 821.162.3-3  |x Česká próza  |2 Konspekt  |9 25 
080 |a 821.162.3-31  |2 MRF 
080 |a (0:82-31)  |2 MRF 
100 1 |a Vernerová, Petra,  |d 1957-  |7 jk01142081  |4 aut 
245 1 0 |a Pravidlo průšvihu /  |c Petra Vernerová 
250 |a Vydání první 
264 1 |a Frýdek-Místek :  |b Alpress,  |c 2016 
300 |a 208 stran ;  |c 21 cm 
336 |a text  |b txt  |2 rdacontent 
337 |a bez média  |b n  |2 rdamedia 
338 |a svazek  |b nc  |2 rdacarrier 
490 1 |a Klokan 
655 7 |a české romány  |7 fd133974  |2 czenas 
655 9 |a Czech fiction  |2 eczenas 
830 0 |a Klokan (Alpress)  |0 s 
910 2 |a BOA001  |b 2-1368.065 
990 |a BK 
995 |a 01 
991 |b 201604  |c NOV 
996 6 |b 2610669089  |c 2-1368.065  |l MZK  |r Sklad / do 1 hodiny  |n 0  |p p.v.  |w 001558052  |u 000010  |a 1  |e BOA001  |j MZK50  |s P